000 00328nam a22001217a 4500
040 _cHS
082 _a658
100 _aបូរ៉ា ធីកា
245 _aFarm business management គ្រប់គ្រងកសិដ្ឋាន
260 _aRUA
_bបូរ៉ា ធីកា
_c2008
300 _a50p;
942 _cKB
999 _c10070
_d10070